000
00323nam a22001337a 4500
008
240312b |||||||| |||| 00| 0 eng d
020
_a
9788120352476
100
_a
B.K. Mishra
245
_a
Psychology The Study of Human Behaviour
250
_a
2nd Ed.
260
_a
Delhi
_b
PHI
_c
2023
300
_a
594
942
_2
ddc
_c
BK
999
_c
20598
_d
20598